000 00776nam a2200253Ia 4500
008 191130s2010##################000#0#eng##
020 _a9780199559978
022 _a2009938558
040 _aACL
_cACL
082 _a362.1042 RUG
100 _aRuger, Jennifer Prah
245 _aHealth and social justice
_cJennifer Prah Ruger
260 _aOxford
_bOxford University Press
_c2010
300 _axxxvii, 276 p. : ill. ; 24 cm. ; hpk
500 _aIncludes bibliographical references (p. [237]-270) and index
650 _aEquality - Health aspects
650 _aHealth - Social aspects
650 _aMedical policy
650 _aSocial justice
650 _aSocial Medicine
990 _acf8ab77fac10000c5cbc5c6e9549ffc9
991 _a363629
999 _c202643
_d202643